Rio de Janeiro Neighbourhoods - Statistics

General Stats
  • This quiz has been taken 1,444 times
  • The average score is 63 of 164
Answers on the Map
Answers color-coded by a green-red scale on the quiz's map according to % correct below.
 
Answer Stats
Subprefecture Neighbourhood % Correct
Zona Sul Copacabana
92%
Zona Sul Botafogo
86%
Zona Sul Ipanema
86%
Barra da Tijuca Barra da Tijuca
83%
Zona Sul Flamengo
82%
Zona Sul Leblon
82%
Centro Centro
81%
Grande Tijuca Tijuca
80%
Zona Sul Rocinha
76%
Zona Norte Jacaré
73%
Zona Oeste Campo Grande
69%
Grande Bangu Bangu
66%
Jacarepaguá Jacarepaguá
66%
Barra da Tijuca Recreio dos Bandeirantes
66%
Zona Sul Leme
65%
Zona Norte Madureira
64%
Zona Norte Méier
64%
Zona Sul Urca
64%
Zona Oeste Santa Cruz
63%
Zona Norte Maré
62%
Zona Sul Laranjeiras
61%
Zona Sul Gávea
60%
Zona Norte Penha
60%
Zona Sul Vidigal
60%
Grande Tijuca Maracanã
59%
Zona Sul São Conrado
59%
Zona Norte Pavuna
57%
Centro São Cristóvão
57%
Centro Glória
56%
Zona Sul Jardim Botânico
56%
Zona Sul Lagoa
56%
Zona Oeste Guaratiba
55%
Centro Santa Teresa
55%
Zona Sul Catete
54%
Centro Lapa
54%
Grande Bangu Realengo
52%
Grande Tijuca Vila Isabel
52%
Ilhas Cidade de Deus
51%
Zona Norte Irajá
51%
Ilhas | Jacarepaguá Freguesia
50%
Ilhas Galeão
49%
Zona Sul Humaitá
49%
Barra da Tijuca Joá
49%
Barra da Tijuca Vargem Grande
47%
Zona Norte Engenho de Dentro
46%
Ilhas Paquetá
46%
Jacarepaguá Taquara
45%
Barra da Tijuca Vargem Pequena
45%
Grande Bangu Alto da Boa Vista
43%
Grande Tijuca Grajaú
43%
Zona Norte Bonsucesso
40%
Zona Norte Engenho Novo
40%
Zona Oeste Barra de Guaratiba
39%
Centro Caju
39%
Zona Sul Cosme Velho
39%
Zona Norte Marechal Hermes
39%
Zona Norte Olaria
39%
Grande Bangu Padre Miguel
39%
Zona Oeste Pedra de Guaratiba
39%
Zona Norte Ramos
39%
Zona Oeste Sepetiba
39%
Zona Norte Cascadura
38%
Zona Norte Complexo do Alemão
38%
Centro Gamboa
38%
Zona Norte Jacarezinho
38%
Centro Cidade Nova
37%
Jacarepaguá Curicica
37%
Grande Bangu Deodoro
37%
Jacarepaguá Praça Seca
37%
Centro Rio Comprido
37%
Jacarepaguá Tanque
37%
Grande Bangu Vila Kennedy
37%
Barra da Tijuca Grumari
36%
Barra da Tijuca Itanhangá
36%
Centro Mangueira
36%
Zona Oeste Paciência
36%
Zona Norte Vila da Penha
36%
Ilhas Anil
35%
Ilhas Cidade Universitária
35%
Zona Norte Coelho Neto
35%
Centro Estácio
35%
Zona Norte Inhaúma
35%
Grande Bangu Vila Militar
35%
Zona Oeste Cosmos
34%
Centro Santo Cristo
34%
Centro Vasco da Gama
34%
Zona Norte Anchieta
33%
Grande Bangu Andaraí
33%
Centro Benfica
33%
Zona Norte Del Castilho
33%
Zona Norte Engenho da Rainha
33%
Zona Norte Rocha
33%
Centro Saúde
33%
Jacarepaguá Pechincha
32%
Grande Bangu Senador Camará
32%
Jacarepaguá Vila Valqueire
32%
Zona Norte Guadalupe
31%
Ilhas Jardim Guanabara
31%
Zona Norte Acari
30%
Zona Norte Cachambi
30%
Zona Oeste Ilha de Guaratiba
30%
Zona Norte Piedade
30%
Zona Norte Manguinhos
29%
Ilhas Portuguesa
29%
Zona Oeste Santíssimo
29%
Zona Norte Vigário Geral
29%
Zona Norte Colégio
28%
Zona Norte Oswaldo Cruz
28%
Zona Norte Parada de Lucas
28%
Zona Norte Penha Circular
28%
Grande Tijuca Praça da Bandeira
28%
Zona Norte Cordovil
27%
Zona Norte Costa Barros
27%
Jacarepaguá Gardênia Azul
27%
Zona Norte Rocha Miranda
27%
Centro Catumbi
26%
Zona Oeste Inhoaíba
26%
Zona Norte Jardim América
26%
Zona Norte Bento Ribeiro
25%
Zona Norte Campinho
25%
Zona Norte Vaz Lobo
25%
Zona Norte Brás de Pina
24%
Ilhas Jardim Carioca
24%
Zona Norte Maria da Graça
24%
Zona Norte Vicente de Carvalho
24%
Ilhas Cocotá
23%
Zona Norte Honório Gurgel
23%
Grande Bangu Jardim Sulacap
23%
Zona Norte Pilares
23%
Zona Norte Riachuelo
23%
Jacarepaguá Abolição
22%
Barra da Tijuca Camorim
22%
Zona Norte Higienópolis
22%
Zona Oeste Senador Vasconcelos
22%
Zona Norte Vila Kosmos
22%
Zona Norte Água Santa
21%
Ilhas Bancários
21%
Zona Norte Barros Filho
21%
Ilhas Tauá
21%
Zona Norte Todos os Santos
21%
Zona Norte Lins de Vasconcelos
20%
Zona Norte Ricardo de Albuquerque
20%
Zona Norte São Francisco Xavier
20%
Ilhas Zumbi
20%
Ilhas Cacuia
19%
Grande Bangu Gericinó
19%
Grande Bangu Jabour
19%
Zona Norte Parque Anchieta
19%
Zona Norte Vista Alegre
19%
Ilhas Ribeira
18%
Zona Norte Tomás Coelho
18%
Zona Norte Engenheiro Leal
17%
Grande Bangu Magalhães Bastos
17%
Ilhas Pitangueiras
17%
Ilhas Moneró
16%
Ilhas Praia da Bandeira
16%
Zona Norte Quintino Bocaiuva
16%
Grande Bangu Campo dos Afonsos
15%
Zona Norte Turiaçu
15%
Zona Norte Cavalcanti
14%
Zona Norte Encantado
14%
Zona Norte Parque Colúmbia
13%
Zona Norte Sampaio
13%
No matching quizzes found
Score Distribution
Percent of People with Each Score
Percentile by Number Answered
Your Score History
You have not taken this quiz